000 03681nam a2201273Ia 4500
001 7178
008 191123s9999 xx 000 0 und d
041 _aspa
044 _aag
100 _aSánchez Vacca, Carlos,
245 0 _aLa pintura y la escultura en San Luis.
260 _aSan Luis :
_bPayné,
_c1999.
300 _a436 p.
504 _abibliografía al final de cada capítulo
650 _a1970
650 _a1972
650 _a1980
650 _aABSTRACTOS
650 _aAGUERO ADARO, VICENTE ORLANDO
650 _aAIELLO, ANITA
650 _aALMELA DE JOSE, MARIA ELISA
650 _aANTARES
650 _aARRIETA, ROBERTO
650 _aARTE EROTICO
650 _aARTESANOS
650 _aBARON, GRACIELA
650 _aBAUDINO, ALEJANDRA
650 _aBIANCO, HECTOR
650 _aBRUGHETTI, ROMUALDO
650 _aCALDERON BATTINI, ALFREDO
650 _aCAMPS, ALBERTO EDUARDO
650 _aCAPIELLO, TERESA INES
650 _aCARDUZA DE CAVIEDES, TERESA
650 _aCEBALLOS, MARIA MIRTA
650 _aCERAMICA
650 _aCORNEJO, CARLOS JULIO
650 _aCORNEJO, MARTA
650 _aD´ANGELO, NORMA SUSANA
650 _aDI GENNARO, GASPAR
650 _aDIAMANTE GORODNER, LOLA
650 _aECLECTICISMO
650 _aFIGURATIVOS
650 _aGAGLIARDI, ALFREDO JORGE
650 _aGOMEZ, RAUL ALBERTO
650 _aGRECO, ALBERTO
650 _aGUADIA, MIGUEL ANGEL
650 _aGUTIERREZ DE VACCA, RITA
650 _aINFORMALISMO
650 _aISERN, RODOLFO ENRIQUE
650 _aLOPEZ OROSCO, LEONOR
650 _aLOZANO DE ARRIETA, IRMA DEL CARMEN
650 _aLUCERO, LILIA DELICIA
650 _aLUCERO, LUIS WALTER
650 _aLUCO DE MERCADO, ROSA ELENA
650 _aMATHIEU DE TORRES MORALES, RAQUEL
650 _aMATHIEU, GEORGES
650 _aMENDOZA
650 _aMENDOZA DE BALDUZZI, RENEE
650 _aMERLO
650 _aMUÑOZ DE SALVATORE, MARIA DORA
650 _aMUÑOZ SILVA, GRACIELA
650 _aMUÑOZ, AMELIA
650 _aMUSSO, ALBERTO NICOLAS
650 _aNEIRA, ALBERTO ENRIQUE
650 _aOJEDA DE VALLEJO, CORINA
650 _aOJEDA, TEXA CARLINA
650 _aOLAGARAY, AGUSTIN NICOLAS
650 _aORLLANO, DANIEL ANTONIO
650 _aOSELLAME, SONIA EDITH
650 _aPALAIS DE GLACE
650 _aPEDERNERA DE MOLINA QUIROGA, CECILIA
650 _aPEREZ CHAVEZ, YOLANDA
650 _aPEREZ VEGA, ANGEL
650 _aPEROSA, ALDO ANTONIO
650 _aPINTURA CONTEMPORANEA PUNTANA
650 _aPRESTI, ANGELICA GLADYS
650 _aPREZIOSO, FELIPE HECTOR
650 _aRAMIREZ, MARIA BEATRIZ
650 _aRIBAS LUCERO, ROBERTO
650 _aRIGAU DE CARRIERI, LEONOR
650 _aRODRIGUEZ CEJAS, BENITO
650 _aRODRIGUEZ, JUAN ANTONIO
650 _aROSSO DE FERRARO, HILDA
650 _aSAAVEDRA, HUGO
650 _aSALGADO, WALTER ALBERTO
650 _aSCARPATTI, SUSANA
650 _aSCARSO, BLAS
650 _aSEGURA, MARTHA SUSANA
650 _aSIRABO ADARO, DALMIRO
650 _aSUAREZ JOFRE, LUIS
650 _aSURREALISTAS
650 _aTACHISMO
650 _aTESSI, ROBERTO JULIO,
650 _aTOLEDO, ANGELA ELVIRA
650 _aTULA, ANA CECILIA
650 _aTULA, VICTOR B.
650 _aVACCA, CARLOS GUILLERMO ALEJANDRO
650 _aVARELA, ROBERTO HERMINIO
650 _aVIAÑA, JOSE ALEJANDRO
650 _aZARUBA, MARIA DEL CARMEN
902 _aM
903 _am
904 _am
907 _aimpreso
911 _ailus b/n y col. ; 28 cm
912 _a1999
942 _cLIBRO
999 _c4953
_d4953